Lijsttrekkers van de Nederlandse partijen. - Statistieken

Algemene statistieken
  • Deze quiz is 74 keer genomen
  • De gemiddelde score is 11 van 16
Antwoordstatistieken
Foto Antwoord % Correct
Mark Rutte
100%
Geert Wilders
98%
Thierry Baudet
93%
Jesse Klaver
91%
Sigrid Kaag
86%
Sylvana Simons
82%
Wopke Hoekstra
77%
Lilian Marijnissen
67%
Gert-Jan Segers
61%
Kees van der Staaij
61%
Joost Eerdmans
58%
Lilianne Ploumen
58%
Farid Azarkan
56%
Esther Ouwehand
54%
Laurens Dassen
53%
Liane den Haan
33%
Geen overeenkomende quizzen gevonden
Scoreverdeling
Procent van Mensen met Elke Score
Percentiel versus Aantal Correcte Antwoorden
Uw Scoregeschiedenis
U heeft deze quiz nog niet genomen